000 00470nam a2200145Ia 4500
999 _c17941
_d17941
082 _aTR.0272
100 _aRaju, S.
245 0 _aPersonality characteristics of scheduled caste and scheduled tribe employees in government service
260 _c1989
_bUniversity of Kerala
300 _a307p. + C D - 32
650 _aINDIA - OFFICIALS AND EMPLOYEES
650 _aSCHEDULED CASTES AND SCHEDULED TRIBES - PSYCHOLOGY
710 _aRaj, H. Sam Sananda
942 _cTH
_2ddc